书目信息 |
| 题名: |
米丘林遗传学基本原理
|
|
| 作者: | ;四川大学生物系 编 | |
| 分册: | ||
| 出版信息: | 北京 人民教育出版社 1979 |
|
| 页数: | 153页 | |
| 开本: | 19cm | |
| 丛书名: | ||
| 单 册: | ||
| 中图分类: | Q3-01 | |
| 科图分类: | ||
| 主题词: | 米丘林学说--高等学校--教材 | |
| 电子资源: | ||
| ISBN: | ||
| 000 | 00673nam0 2200229 45 | |
| 001 | 0179002569 | |
| 005 | 20060810174018.51 | |
| 010 | @dCNY0.38 | |
| 091 | @b14012.028 | |
| 100 | @a19950727d1979 em y0chiy0121 ea | |
| 101 | 0 | @achi |
| 102 | @aCN@b110000 | |
| 105 | @ay z 000yy | |
| 200 | 10 | @a米丘林遗传学基本原理@Ami qiu lin yi chuan xue ji ben yuan li@f四川大学生物系植物遗传组编 |
| 210 | @a北京@c人民教育出版社@d1979 | |
| 215 | @a153页@d19cm | |
| 300 | @a高等学校试用教材 | |
| 606 | @a米丘林学说@x高等学校@x教材 | |
| 690 | @aQ3-01@v3 | |
| 711 | 02 | @a四川大学生物系@Asi chuan da xue sheng wu xi@4编 |
| 801 | 0 | @aCN@bNLC@c20060810 |
| 905 | @f3@b33119-121@dQ3-01@e8 | |
| 米丘林遗传学基本原理/四川大学生物系植物遗传组编.-北京:人民教育出版社,1979 |
| 153页;19cm |
| 高等学校试用教材 |
| ISBN :CNY0.38 |
| ● |
| 相关链接 |
|
|
|
|
正题名:米丘林遗传学基本原理
索取号:Q3-01/8
 
预约/预借
| 序号 | 登录号 | 条形码 | 馆藏地/架位号 | 状态 | 备注 |
| 1 | 0033119 | 000624257 | 第三借阅区/ [索取号:Q3-01/8] | 在馆 | |
| 2 | 0033120 | 000624248 | 第二样本阅览室/ [索取号:Q3-01/8] | 在馆 | |
| 3 | 0033121 | 000624266 | 第三借阅区/ [索取号:Q3-01/8] | 在馆 | |
| 4 | 0452206 | 204522061 | 密集书库/ [索取号:Q3-01/8] | 在馆 |